000 00619nam a2200193 a 4500
001 000014194
005 20200929163520.0
008 091207s1986 dr r 001 0 spa d
040 _aDO-SdBNP
_bspa
_cBNPHU
082 _a330.97293
_bA815d, 1986
100 1 _aAscuasiati A., Carlos
_932067
245 1 0 _aDiez años de economía dominicana /
_cCarlos Ascuasiati A.
250 _a5a ed.
260 _aSanto Domingo :
_bTaller,
_c1986.
300 _a68 p. ;
_c21 cm.
500 _aIncluye notas al pie de páginas
651 4 _aRepública Dominicana
_xCodiciones Económicas
_932068
650 4 _aEconomía
_xHistoria
_912752
999 _c13795
_d13795